000 00525nam a2200181Ia 4500
003 GCL
008 140319s9999 xx 000 0 ara d
040 _aGCL /
_cGCL
082 0 4 _a953
_bج ح
100 1 _aجميل نخلة المدور
245 1 0 _aحضارة الاسلام فى دار الاسلام /
_cجميل نخلة المدور
300 _a302 ص
490 _a
650 0 4 _aالفتوحات الاسلامية
650 0 4 _aالعراق
650 0 4 _aالحضارة الاسلامية
942 _2ddc
_cBK
999 _c44802
_d44802